Slovensko vyčerpá minimálne 8 z 10 eur z Bruselu ôb prvá fáza eurofondov:

Bibliographic Details
Main Author: Kvasňovský, Richard (Author)
Format: Article
Language:Slovak
PhysicalDescription:Fotogr.
ISSN:1337-6772
Subjects:

MARC

LEADER 00000nab a2200000 ar4500
001 vtls009285289
003 SK-MaSNL
005 20260426070755.0
008 080415c2008 xo wr|p|||||||000 b|slo
015 |a SNBRB2008/04  |2 snkbucl 
040 |a SNKBUCL  |b slo  |c SNKBUCL  |e AACR2 
041 0 |a slo 
044 |a xo  |c SK 
080 |a 327.39  |x (4)  |2 2001 
080 |a 341.232.2  |x (4:437.6)  |2 2001 
080 |a 339.96  |x (4:437.6)  |2 2001 
100 1 |a Kvasňovský, Richard  |4 aut  |9 330524 
245 1 0 |a Slovensko vyčerpá minimálne 8 z 10 eur z Bruselu ôb prvá fáza eurofondov:  |c Richard Kvasňovský 
300 |b Fotogr. 
610 2 7 |a Európska únia  |2 snkbucl  |9 29861 
648 7 |a 2004-2006  |2 snkbucl  |9 355219 
650 0 7 |a európske fondy  |2 snkbucl  |9 151860 
651 7 |a Slovensko  |2 snkbucl  |9 14231 
773 0 |t Eurodomino  |g Roč. I, č. 10 (2008), s. 12-13  |x 1337-6772 
852 |a SNK  |b KIS3GCP 
958 |a SK 
999 |c 2671049  |d 2672979